000 01519cam a22004454i 4500
003 PE-LiUPU
005 20250731165357.0
008 150908s2015 pe a grm 000 0 spa d
035 _a(Sirsi) a154384
040 _aPE-LiUPU
_bspa
_cPE-LiUPU
_erda
099 _aTIS 3
_bM42 2015
100 1 _aMendoza Aliaga, Elizabeth
_eautor
245 1 _aModelo sistémico de evaluación "Mosei" para la acreditación de la Carrera Profesional de Ingeniería Industrial en su factor de investigación de la Universidad Mayor de San Marcos /
_cElizabeth Mendoza Aliaga.
264 0 _c2015.
300 _a105 hojas :
_bilustraciones;
_c30 cm
336 _atext
_2rdacontent
337 _aunmediated
_2rdamedia
338 _avolume
_2rdacarrier
502 _aTesis
_b(Mg.) --
_cUniversidad Peruana Unión,
_d2015.
504 _aIncluye referencias
520 3 _aNO TIENE ABSTRAC
526 _aSEG44
526 _aSEG26
526 _aP151
526 _aP150
526 _aP149
526 _aP146
526 _aP145
526 _aP126
526 _aP125
526 _aP92
526 _aP75
526 _aP74
526 _aP27
526 _aP15
650 0 4 _aUniversidad Nacional Mayor de San Marcos. Carrera Profesional de Ingeniería Industrial
_xAcreditación
_xMediciones y pruebas educativas.
596 _a1
942 _2ddc
_cTESIS
999 _aTIS 3 M42 2015
_wALPHANUM
_c7089
_iT01783
_lCCODEBUL3
_mBUL
_r1
_sY
_tTESIS
_u2015-9-8
_xPOSGRADO
_PP74
_o.STAFF. Tesis
_d7089
980 _81
_gALBERTO SANCHEZ Responsable de Automatización